|
|
|
|
| LEADER |
00617nam a22001932a 4500 |
| 001 |
001110153 |
| 003 |
CZ BrMZK |
| 005 |
20100811135827.0 |
| 007 |
ta |
| 008 |
100811s1951 ru er|||||||||||rus d |
| 040 |
|
|
|a BOA001
|b cze
|
| 100 |
1 |
|
|a Salynskij, Afanasij Dmitrijevič,
|d 1920-1993
|7 jo2005273690
|4 aut
|
| 245 |
1 |
0 |
|a Doroga pervych :
|b p'jesa v 3 dejstvijach /
|c Afanasij Dmitrijevič Salynskij
|
| 260 |
|
|
|a Moskva :
|b Iskusstvo,
|c 1951
|
| 300 |
|
|
|a 122 s.
|
| 910 |
|
|
|a BOA001
|b 1-0272.076
|
| 990 |
|
|
|a BK
|
| 991 |
|
|
|b 201008
|
| 996 |
7 |
|
|b 2619376875
|c 1-0272.076
|l MZK
|r Sklad / do 1 hodiny
|n 0
|w 001137425
|u 000010
|a 1
|e BOA001
|j MZK50
|s A
|